Las aventuras de la modernidad Bolívar Echeverría y la teoría critica de lo moderno
De acuerdo con el resumen, este estudio se dedica a acarar la interrogante en torno a la naturaleza de la modernidad, utilizando el pensamiento de Bolívar Echeverría. Dicha investigación, emprendió una interpretación lo más coherente posible de las raíces categoriales de la teoría marxiana presentes...
محفوظ في:
| المؤلف الرئيسي: | |
|---|---|
| التنسيق: | كتاب |
| اللغة: | Spanish |
| منشور في: |
San José, Costa Rica
Universidad de Costa Rica, Facultad de Letras, Escuela de Filosofía
2020
|
| الموضوعات: | |
| الوسوم: |
إضافة وسم
لا توجد وسوم, كن أول من يضع وسما على هذه التسجيلة!
|
MARC
| LEADER | 00000nam a22000007a 4500 | ||
|---|---|---|---|
| 008 | 181030b xxu||||| |||| 00| 0 spa d | ||
| 040 | |a cru BVZT | ||
| 090 | |a TFG 970 | ||
| 100 | |a Montero Salas, Osvaldo |9 2151 | ||
| 245 | |a Las aventuras de la modernidad Bolívar Echeverría y la teoría critica de lo moderno |c / Osvaldo Montero Salas | ||
| 260 | |a San José, Costa Rica |b Universidad de Costa Rica, Facultad de Letras, Escuela de Filosofía |c 2020 | ||
| 300 | |a 306 páginas | ||
| 520 | |a De acuerdo con el resumen, este estudio se dedica a acarar la interrogante en torno a la naturaleza de la modernidad, utilizando el pensamiento de Bolívar Echeverría. Dicha investigación, emprendió una interpretación lo más coherente posible de las raíces categoriales de la teoría marxiana presentes en Echeverría, con el objetivo de posicionar la perspectiva teórica como una potente manera de analizar críticamente el mundo contemporáneo | ||
| 650 | |a TRABAJO FINAL DE GRADUACIÓN |9 237 | ||
| 650 | |a TESIS DE LICENCIATURA EN FILOSOFIA |9 2152 | ||
| 650 | |a BOLÍVAR ECHEVERRÍA |9 2153 | ||
| 650 | |a AVAENTRURAS DE LA MODERNIDAD |9 2154 | ||
| 650 | |a MODERNIDAD REVISITADA |9 2196 | ||
| 650 | |a MODERNIDAD CAPITALISTA |9 2197 | ||
| 650 | |a TEORÍA Y CRÍTICA DE LA MODERNIDAD |9 2198 | ||
| 942 | |2 z |c TFG |i 1367TES |h TESIS 970 |6 TESIS_970_1367TES | ||
| 999 | |c 31022 |d 31022 | ||
